| Tag |
First Indicator |
Second Indicator |
Subfields |
| LEADER |
00000cam a2200000 4500 |
| 001 |
in00000037082 |
| 005 |
20151007070412.0 |
| 008 |
771108s1957 enka b 00110 eng |
| 010 |
|
|
|a 60033136
|
| 035 |
|
|
|a (OCoLC)03401280
|
| 035 |
|
|
|9 AAE3945AM
|
| 040 |
|
|
|a DLC
|c AKU
|d TXA
|d UtOrBLW
|
| 049 |
|
|
|a TXAM
|c 1 [294184]
|c 2 [423096]
|
| 050 |
0 |
0 |
|a QB475
|b .B7 1957
|
| 082 |
0 |
|
|a 523.016
|
| 092 |
|
|
|a 523.016
|b B879e
|
| 100 |
1 |
|
|a Brown, R. Hanbury
|q (Robert Hanbury)
|
| 245 |
1 |
4 |
|a The exploration of space by radio /
|c [by] R. Hanbury Brown and A. C. B. Lovell.
|
| 264 |
|
1 |
|a London :
|b Chapman & Hall,
|c 1957.
|
| 300 |
|
|
|a 207 pages :
|b illustrations ;
|c 24 cm.
|
| 336 |
|
|
|a text
|b txt
|2 rdacontent
|
| 337 |
|
|
|a unmediated
|b n
|2 rdamedia
|
| 338 |
|
|
|a volume
|b nc
|2 rdacarrier
|
| 504 |
|
|
|a Includes bibliography.
|
| 650 |
|
0 |
|a Radio astronomy.
|
| 700 |
1 |
|
|a Lovell, R. Bernard.
|
| 999 |
|
|
|a MARS
|
| 999 |
f |
f |
|s 4ca1d900-21ee-3781-bf99-fd0600a3f2a7
|i eab6516e-8cd9-3a58-bb6b-800bf2628aeb
|t 0
|
| 952 |
f |
f |
|p ric
|a Texas A&M University
|b Rellis Campus
|c Joint Library Facility
|s JLF
|d Remote Storage
|t 0
|e QB475 .B7 1957
|h Library of Congress classification
|i unmediated -- volume
|m A14800900582
|
| 998 |
f |
f |
|a QB475 .B7 1957
|t 0
|l Remote Storage
|